5800 Objective Type Questions on English Literature for Competitive Examinations / (Record no. 215065)

MARC details
000 -LEADER
fixed length control field 00556nam a22001697a 4500
005 - DATE AND TIME OF LATEST TRANSACTION
control field 20260301161118.0
010 ## - LCCN (DPL NO)
LC control number BACEN26
020 ## - INTERNATIONAL STANDARD BOOK NUMBER
International Standard Book Number 9788119922383
Terms of availability 850.00
037 ## - SOURCE OF ACQUISITION
Source of stock number/acquisition KBA
082 ## - DEWEY DECIMAL CLASSIFICATION NUMBER
Classification number 000
100 ## - MAIN ENTRY--PERSONAL NAME
Personal name Goodman, W.R.
245 ## - TITLE STATEMENT
Title 5800 Objective Type Questions on English Literature for Competitive Examinations /
Statement of responsibility, etc by W.R Goodman
260 ## - PUBLICATION, DISTRIBUTION, ETC. (IMPRINT)
Place of publication, distribution, etc Delhi
Name of publisher, distributor, etc Doaba Publications
Date of publication, distribution, etc 2025
270 ## - ADDRESS
Address Shanti Mohan House, 16 Ansari Road Darya Ganj,
City New Delhi
Postal code 110002
300 ## - PHYSICAL DESCRIPTION
Extent vp.
Dimensions 24cm(pb)
942 ## - ADDED ENTRY ELEMENTS (KOHA)
Source of classification or shelving scheme Dewey Decimal Classification
Item type English Books
Classification part 000
Call number suffix GOO

No items available.


© Delhi Public Library
Hit Counter
free hit counter